000 00244nam a22001217a 4500
008 210304b ||||| |||| 00| 0 eng d
041 _aeng
080 _a37
100 _a25
101 _aEDU
245 _aED Thoughts
_cMREL
942 _2udc
_cBK
999 _c55734
_d55734